000 00343nam a2200133 i 4500
001 bg
100 1 _aMADEJSKI, J.
245 0 _aWymiana ciepła w turbinach cieplnych.
_nT. 1,
_pMaszyny przepływowe /
_cJ.Madejski.
260 _aWrocław,
_c1988.
040 _cBPK
041 _apol
942 _cKS
008 s pl f |000 0 pol
999 _c28521
_d28521
856 _uhttp://koha.tu.koszalin.pl/cgi-bin/koha/opac-detail.pl?biblionumber=28521
_yKatalog online BPK